Statistics for Fugle

Click here to take the quiz!

General Stats

  • This quiz has been taken 92 times
  • The average score is 15 of 56

Answer Stats

Answer% Correct
Blåmejse / Blue tit
77%
Solsort / Blackbird
74%
Musvit / Great tit
61%
Gråspurv / House sparrow
55%
Husskade / European magpie
55%
Ringdue / Wood pigeon
55%
Allike / Jackdaw
52%
Dompap / Bullfinch
51%
Råge / Rook
48%
Gråkrage / Hooded crow
46%
Rødhals / Robin
46%
Bogfinke / Chaffinch
41%
Stær / European starling
38%
Tårnfalk / Common kestrel
38%
Fuglekonge / Goldcrest
36%
Tyrkerdue / Collared-Dove
36%
Skovskade / Jay
35%
Sortkrage / Carrion crow
35%
Gulspurv / Yellowhammer
32%
Stor flagspætte / Greater spotted woodpecker
30%
Hvid vipstjert / White wagtail
29%
Kirkeugle / Little owl
29%
Landsvale / Barn swallow
28%
Grønirisk / Greenfinch
25%
Gærdesmutte / Wren
23%
Halemejse / Long-tailed tit
23%
Natugle / Tawny owl
23%
Sortmejse / Coal tit
22%
Topmejse / Crested tit
22%
Træløber / Treecreeper
22%
Spurvehøg / Sparrowhawk
20%
Kernebider / Hawfinch
19%
Grønsisk / Eurasian siskin
17%
Sjagger / Fieldfare
17%
Sumpmejse / Marsh tit
17%
Gransanger / Chiffchaff
16%
Silkehale / Bohemian waxwing
16%
Spætmejse / Nuthatch
16%
Stillits / Goldfinch
16%
Munk / Blackcap
14%
Gråsisk / Common redpoll
12%
Husrødstjert / Black redstart
12%
Lille korsnæb / Common crossbill
12%
Gærdesanger / Lesser whitethroat
10%
Grå fluesnapper / Spotted flycatcher
10%
Jernspurv / Dunnock
10%
Rødstjert / Redstart
10%
Sangdrossel / Song thrush
10%
Kvækerfinke / Brambling
9%
Løvsanger / Willow warbler
9%
Misteldrossel / Mistle thrush
9%
Ringdrossel / Ring ouzel
9%
Tornirisk / Common linnet
9%
Havesanger / Garden-warbler
7%
Vindrossel / Redwing
7%
Tornsanger / Common whitethroat
6%

Score Distribution

Percentile by Number Answered

Percent of People with Each Score

Your Score History

You have not taken this quiz